Možnosti využitia systémového prístupu v makroekonomických informáciach pre racionálné riadenie financií kandidátska dizertačná práca

Na minha lista:
Detalhes bibliográficos
Autor principal: Gallovič, Pavol
Autor Corporativo: Vysoká škola ekonomická v Bratislave. Fakulta riadenia
Outros Autores: Šlauka, Milan, Kaliský, Juraj
Formato: Livro
Idioma:eslovaco
Publicado em: Bratislava 1979
Tags: Adicionar Tag
Sem tags, seja o primeiro a adicionar uma tag!

MARC

LEADER 00000nam a2200000 4500
001 c144107
005 20230116073942.9
041 0 |a slo 
044 |a SK 
245 1 0 |a Možnosti využitia systémového prístupu v makroekonomických informáciach pre racionálné riadenie financií  |b kandidátska dizertačná práca  |c Pavol Gallovič ; Ved. Milan Šlauka, Juraj Kaliský 
264 1 |a Bratislava  |c 1979 
300 |a 183 s. 
100 1 |a Gallovič, Pavol 
700 1 |a Šlauka, Milan 
700 1 |a Kaliský, Juraj 
710 2 |a Vysoká škola ekonomická v Bratislave. Fakulta riadenia